An Introduction To Statistical Thermodynamics / (Record no. 16423)

MARC details
000 -LEADER
fixed length control field 00906nam a2200265 i 4500
003 - CONTROL NUMBER IDENTIFIER
control field EG-ScBUE
005 - DATE AND TIME OF LATEST TRANSACTION
control field 20250715102234.0
008 - FIXED-LENGTH DATA ELEMENTS--GENERAL INFORMATION
fixed length control field 120209s2008 nyua f b 001 0 eng d
020 ## - INTERNATIONAL STANDARD BOOK NUMBER
International Standard Book Number 0486467422
020 ## - INTERNATIONAL STANDARD BOOK NUMBER
International Standard Book Number 9780486467429
040 ## - CATALOGING SOURCE
Original cataloging agency EG-ScBUE
Language of cataloging eng
Description conventions rda
Transcribing agency EG-ScBUE
Modifying agency EG-ScBUE
082 04 - DEWEY DECIMAL CLASSIFICATION NUMBER
Edition number 22
Classification number 541.369
Item number HIL
100 1# - MAIN ENTRY--PERSONAL NAME
9 (RLIN) 28735
Personal name Hill, Terrell L.,
Relator term author.
245 13 - TITLE STATEMENT
Title An Introduction To Statistical Thermodynamics /
Statement of responsibility, etc Terrell L. Hill, National Institutes of Health, Bethesda, Maryland.
264 #1 - PUBLICATION, DISTRIBUTION, ETC. (IMPRINT)
Place of publication, distribution, etc New York :
Name of publisher, distributor, etc Dover Publications, Inc.,
Date of publication, distribution, etc 2008.
300 ## - PHYSICAL DESCRIPTION
Extent 508 pages :
Other physical details illustrations ;
Dimensions 24 cm
336 ## - CONTENT TYPE
Source rdacontent
Content type term text
Content type code txt
337 ## - MEDIA TYPE
Media type term unmediated
Source rdamedia
Media type code n
338 ## - CARRIER TYPE
Carrier type term volume
Carrier type code nc
Source rdacarrier
504 ## - BIBLIOGRAPHY, ETC. NOTE
Bibliography, etc Includes bibliographical references and index.
650 #7 - SUBJECT ADDED ENTRY--TOPICAL TERM
9 (RLIN) 1919
Topical term or geographic name as entry element Thermodynamics.
Source of heading or term BUEsh
653 ## - INDEX TERM--UNCONTROLLED
Arrived date list February2012
655 ## - INDEX TERM--GENRE/FORM
Form subdivision Reading book
942 ## - ADDED ENTRY ELEMENTS (KOHA)
Source of classification or shelving scheme Dewey Decimal Classification
Koha item type Book - Borrowing
Holdings
Withdrawn status Lost status Source of classification or shelving scheme Damaged status Not for loan Collection code Home library Current library Shelving location Date acquired Source of acquisition Cost, normal purchase price Serial Enumeration / chronology Total Checkouts Full call number Barcode Date last seen Koha item type
    Dewey Decimal Classification     MERIC Central Library Central Library First floor 09/02/2012 Purchase 210.00 13167   541.369 HIL 000026034 15/07/2025 Book - Borrowing